Nombre premier 1 à 100 - Mort Subite - Statistiques

Statistiques générales
  • Ce quiz a été pris 456 fois
    115 depuis la dernière actualisation
  • Le résultat moyen est 9 sur 24
Answers on the Grid
Answers color-coded by a green-red scale on the quiz's grid according to % correct below.
2
49
7
19
77
11
17
3
23
27
25
5
53
65
29
31
55
43
69
67
81
41
37
61
13
15
47
91
79
33
97
71
63
73
51
85
89
83
39
 
Statistiques - réponses
Réponse % Correct
7
66%
3
63%
2
62%
5
62%
11
59%
13
51%
17
50%
19
45%
23
42%
31
38%
37
38%
41
38%
29
34%
43
33%
47
30%
53
29%
67
25%
71
25%
73
25%
79
25%
61
24%
97
22%
89
20%
83
17%
Aucun quiz correspondant
Distribution des résultats
% des personnes avec chaque résultat
Percentile par nombre de réponses
Votre historique - résultats
Vous n’avez pas pris ce quiz depuis la dernière actualisation